000 00482nam a2200157 a 4500
001 000027134
005 20200930030626.0
008 110329q1997 dr a 000 | spa d
040 _aDO-SdBNP
_bspa
_cBNPHU
082 _axxxx
_bP376c
100 1 _aPeguero Caamaño, Víctor M.
_954128
245 1 0 _aCaminando con Jesucristo /
_cVíctor M. Peguero Caamaño.
260 _aSanto Domingo :
_b[s.n.],
_c[1997?].
_fEditora Amalba
300 _a101, [6] p. :
_bil. ;
_c21 cm.
049 _aBNPD
999 _c26626
_d26626